| 000 | 00762nam a2200277Ia 4500 | ||
|---|---|---|---|
| 001 | Z_4127 | ||
| 003 | CHAP | ||
| 008 | 220113s1989 xx 000 0 und d | ||
| 010 | _a167190 | ||
| 040 | _cCHAP | ||
| 082 | _a583.320978 S8 | ||
| 100 |
_aStubbendieck, James L _9141339 |
||
| 245 |
_aCommon legumes of the Great Plains : an illustrated guide / _cby James L Stubbendieck and Elverne C. Conard |
||
| 260 |
_aLincoln : _bUniversity of Nebraska, _c1989 |
||
| 300 | _a330 p. ; ilus. | ||
| 440 | _a | ||
| 500 | _a | ||
| 503 | _a | ||
| 650 |
_aLeguminosas _xIdentificación I. Conard, Elverne C II. Jansen, Bellamy Parks III. t. _9141340 |
||
| 901 | _a583.320978 S8 | ||
| 902 | _aA | ||
| 910 | _a1989 | ||
| 942 | _c1 | ||
| 942 | _cc1 | ||
| 999 |
_c167190 _d167190 |
||